000 00227nam a2200097Ia 4500
001 990351
005 20250826221309.0
008 250824s9999 xx 000 0 und d
245 0 _aFANG AİLESİ
_cKEVIN WILSON
260 _bDOMİNGO
999 _c990351
_d990351